000 01313nam a2200373 a 4500
001 22227
003 VRT
005 20260323135106.0
008 240318s2005 xo g 000 f slo
015 _aSNBA2006/01-00590
020 _a8055110697
_q(brož.)
035 _a09202900-9176-4269-9CFF-F5565EBA0B9C
035 _aurn:nbn:sk:snk-amje1v
035 _aurn:nbn:sk:snk-am000xov
039 9 _a202403181339
_bVLOAD
_c202401161303
_dAUTHORITY
_c201508271309
_dVLOAD
_c201508270937
_dVLOAD
040 _aSNK
_bslo
_cSNK
041 1 _aslo
_heng
044 _axo
_cSK
072 7 _a821.111(73)-3
_xAmerická próza
080 _a821.111(73)-31
_21997
100 1 _aDeveraux, Jude,
_d1947-
_4aut
240 1 0 _aHolly
_lSlovensky
245 1 0 _aHolly
_cJude Deverauxová; [z anglického originálu preložila Lucia Nižníková-Kollárová]
250 _a[1. vyd.]
260 _aBratislava
_bIkar
_c2005
300 _a219 s.
_c18 cm
655 7 _aamerické romány
_2SNKPH
700 1 _aNižníková-Kollárová, Lucia,
_d1976-
_4trl
942 _2ddc
_cKLDO
_n0
949 _617A0485808
_asnkSD 75157
_bsnk2005/17132
_o1876/05
949 _62889084820
_asavukPV 8661
_bsavuk2006/458
949 _617A0499557
_asnkSD 75157 D1
_bsnk2006/4863
_o1876/05
_s6100:20140925
949 _6273K0493290
_91
_asvkpoA 191966
_bsvkpo479442
999 _c22227
_d22227